Poemas y fantasías / (Record no. 155202)

MARC details
000 -LEADER
campo de control de longitud fija 00878nam a2200229 i 4500
001 - NÚMERO DE CONTROL
campo de control 155202
003 - IDENTIFICADOR DE NÚMERO DE CONTROL
campo de control ES-MaACL
005 - FECHA Y HORA DE LA ÚLTIMA TRANSACCIÓN
campo de control 20231227062622.0
008 - DATOS DE LONGITUD FIJA--INFORMACIÓN GENERAL
campo de control de longitud fija 000208s1883 sp |||| | spa d
040 ## - FUENTE DE CATALOGACIÓN
Centro catalogador/agencia de origen CCPB | B
Lengua de catalogación spa
Centro/agencia transcriptor CCPB | B
080 ## - NÚMERO DE LA CLASIFICACIÓN DECIMAL UNIVERSAL
Número de la Clasificación Decimal Universal 821.112.2-14"18"
100 1# - ENTRADA PRINCIPAL--NOMBRE DE PERSONA
Nombre de persona Heine, Heinrich.
9 (RLIN) 62371
245 10 - MENCIÓN DEL TÍTULO
Título Poemas y fantasías /
Mención de responsabilidad, etc. de Enrique Heine ; traducción en verso castellano de José J. Herrero ; con un prólogo de Marcelino Menéndez y Pelayo.
260 ## - PUBLICACIÓN, DISTRIBUCIÓN, ETC.
Lugar de publicación, distribución, etc. Madrid :
Nombre del editor, distribuidor, etc. Luis Navarro,
Fecha de publicación, distribución, etc. 1883 (
Fabricante Imp. Central a cargo de V. Sainz)
300 ## - DESCRIPCIÓN FÍSICA
Extensión XXXI, 311 p. ;
Dimensiones 18 cm.
490 1# - MENCIÓN DE SERIE
Mención de serie Biblioteca clásica ;
Designación de volumen o secuencia 61
700 1# - ENTRADA AGREGADA--NOMBRE PERSONAL
Nombre de persona Herrero y Sánchez, José Joaquín.
9 (RLIN) 63269
700 1# - ENTRADA AGREGADA--NOMBRE PERSONAL
Nombre de persona Menéndez y Pelayo, Marcelino,
Fechas asociadas al nombre 1856-1912
9 (RLIN) 80332
830 0# - PUNTO DE ACCESO ADICIONAL DE SERIE-TÍTULO UNIFORME
Título uniforme Biblioteca clásica ;
Designación de volumen o secuencia 61
9 (RLIN) 180370
852 ## - LOCALIZACIÓN
Ubicación ES-MaACL
Número de control de estantería F-13086
Nota libre - Enc. tela
Holdings
Estatus retirado Estado de pérdida Estado de daño No para préstamo Colección Biblioteca de origen Biblioteca actual Ubicación en estantería Fecha de adquisición Fuente de adquisición Total de préstamos Signatura topográfica completa Código de barras Visto por última vez Precio de reemplazo Tipo de ítem Koha
        Libros del s. XIX Biblioteca del Ateneo de Madrid Biblioteca del Ateneo de Madrid Sala Pecera Planta 2 17/01/2008     F-13086 1162349 23/02/2023 23/02/2023 Libro impreso antiguo